00608cam a2200193 a 4500020001500000040000800015082002600023245004700049260003600096300003200132650002000164650001800184650002000202650002300222700002400245700002500269856006500294856005500359 a0471517682 cDLC00a574 PRN 1994 C155 Or.00aEffects of acid rain on forest processes / aNew York :bWiley-Liss,cc1994. ax, 419 p. :bill. ;c25 cm. 0aForest ecology. 0aForest plants 0aAcid deposition 0aMicrobial ecology.1 aGodbold, Douglas L.1 aHüttermann, Aloys.42uhttp://www.loc.gov/catdir/description/wiley037/93041974.html4 uhttp://www.loc.gov/catdir/toc/onix02/93041974.html